Sense and nonsense of statistical inference: controversy, misuse, and subtlety

保存先:
書誌詳細
第一著者: Wang, Chamont (著者)
フォーマット: 図書
言語:英語
出版事項: Nueva York Marcel Dekker 1993
シリーズ:Popular statistics, 6
主題:
タグ: タグ追加
タグなし, このレコードへの初めてのタグを付けませんか!

MARC

LEADER 00000nam a2200000 a 4500
001 UCW1796
003 CL-VaPUC
008 930916e19930000US |||||||||||||||||eng|d
082 0 4 |a 519.5  |b WAN  |2 21 
100 0 |a Wang, Chamont  |e author  |9 305866 
245 1 0 |a Sense and nonsense of statistical inference: controversy, misuse, and subtlety 
300 |a 244 p 
942 |c BK 
945 |d 19930916 00:00:00 
260 |a Nueva York  |b Marcel Dekker  |c 1993 
650 0 |a Estadística matemática  |9 260028 
650 0 |a Métodos estadísticos   |9 259407 
650 0 |a Filosofía de las ciencias  |9 256466 
583 |a last modification  |c 20180327 03:29:04  |k Rodrigo Vera 
490 0 |a Popular statistics, 6 
999 |c 216612  |d 216610 
952 |0 0  |1 0  |4 0  |6 519_500000000000000_WAN_1993  |7 0  |8 A  |9 202474  |a BIBGIM  |b BIBGIM  |d 2019-11-14  |i 2695774  |o 519.5 WAN 1993  |p 2695774  |r 2025-01-15  |w 2019-11-14  |y BK  |k EST